000 00941nam a2200277 a 4500
001 67106
003 BD-RjUL
005 20211209081621.0
008 170322s2005 ii 100 0 eng d
020 _z81731961125
035 _a(BD-RjUL)67237
040 _aBD-RjUL
_beng
_cBD-RjUL
_dBD-RjUL
041 _aeng
082 _223
_a511.5
_bGRA 2005
111 2 _aInternational Conference on the Theory and Applications of Graphs
_n(7th :
_d1992 :
_cWestern Michigan University)
_9198782
245 1 0 _aGraphs, combinatorics, algorithms and applications
_cS Arumugam; B D Acharya; S B Rao
260 _aNew Delhi :
_bWiley,
_cc2005
300 _a185, :
_bill, ;
_c25 cm
650 0 _aGraph theory
_vCongresses
_9198783
650 0 _aCombinatorial analysis
_vCongresses
_954157
650 0 _aAlgorithms
_vCongresses
_9198784
700 _aArumugam, S
_9198785
700 _aAcharya B D
_9198786
700 _aRao, S B
_9198787
942 _2ddc
_cBK
999 _c67106
_d67106